000 01117nmm a2200373 a 4500
003 AR-BaBNM
005 20251128210243.0
008 259019s1995 ||||||||||||||000 | spa||
020 _a968-23-1792-4
040 _cAR-BaBNM
100 1 _aGiroux, Henry A.
245 1 0 _aTeoría y resistencia en educación
_buna pedagogía para la oposición
260 _aMéxico, D.F.
_bSiglo Veintiuno
_c1995
300 _a329 p.
500 _aContiene índice analítico y de nombres p. 320-329
504 _aContiene bibliografía p. 301-319
650 4 _aTEORIAS DE LA EDUCACION
650 4 _aPEDAGOGIA
650 4 _aPOLITICA EDUCATIVA
650 4 _aFINALIDADES DE LA EDUCACION
650 4 _aESTADO Y EDUCACION
650 4 _aDIFERENCIACION CULTURAL
650 4 _aDIFERENCIACION SOCIAL
650 4 _aDESIGUALDAD CULTURAL
650 4 _aRELACIONES INTERETNICAS
650 4 _aRELACIONES SOCIALES
650 4 _aESCUELA DE FRANKFURT
653 _aPOSMODERNIDAD
653 _aCURRICULO OCULTO
653 _aPEDAGOGIA CRITICA
700 1 _aFreire, Paulo
_eprologuista
942 _cBK
998 _cRaquel
999 _c14661
_d14661